Transport phenomena in micro process engineering /
Guardado en:
| Autor Principal: | |
|---|---|
| Formato: | Libro |
| Idioma: | English |
| Publicado: |
Berlin ; New York :
Springer,
c2008.
|
| Series: | Heat and mass transfer,
|
| Materias: | |
| Acceso en línea: | Publisher description Table of contents only |
| Etiquetas: |
Agregar Etiqueta
Sin Etiquetas, Sea el primero en etiquetar este registro!
|
| LEADER | 01490cam a22003137a 4500 | ||
|---|---|---|---|
| 001 | EIQ.libpla004414 | ||
| 008 | 070824s2008####gw#a#####b####001#0#eng#d | ||
| 005 | 20130802150406.0 | ||
| 245 | 0 | 0 | |a Transport phenomena in micro process engineering / |c Norbert Kockmann. |
| 260 | |a Berlin ; |a New York : |b Springer, |c c2008. | ||
| 300 | |a xx, 365 p. : |b il. (algunas col.) ; |c 24 cm. | ||
| 440 | 0 | |a Heat and mass transfer, |x 1860-4846 | |
| 505 | 0 | |a 1. Micro process engineering, an interdisciplinary approach -- 2. Fundamentals, balances, and transport processes -- 3. Momentum transfer -- 4. Heat transfer and micro heat exchangers -- 5. Diffusion, mixing, and mass transfer equipment -- 6. Chemical reactions and reactive precipitation -- 7. Coupled transport processes. | |
| 504 | |a Incluye referencias bibliográficas (p. [339]-359) e índice. | ||
| 020 | |a 9783642094064 | ||
| 100 | 1 | |a Kockmann, Norbert. | |
| 082 | 0 | 4 | |a 660.2842 |
| 650 | 0 | |a Transport theory. | |
| 650 | 0 | |a Microchemistry. | |
| 650 | 0 | |a Chemical engineering. | |
| 650 | 7 | |a Transporte, teoría | |
| 650 | 7 | |a Microquímica | |
| 650 | 7 | |a Ingeniería química | |
| 010 | |a 2007935989 | ||
| 040 | |a YDXCP |c YDXCP |d BTCTA |d BAKER |d COO |d DLC | ||
| 050 | 0 | 0 | |a TP156.T7 |b K63 2008 |
| 856 | 4 | 2 | |3 Publisher description |u http://www.loc.gov/catdir/enhancements/fy0907/2007935989-d.html |
| 856 | 4 | 1 | |3 Table of contents only |u http://www.loc.gov/catdir/enhancements/fy0907/2007935989-t.html |
| 859 | |a AR-BbSID |b BIB. PLAPIQUI |h 660.2842 |i K814 |p 6302 | ||
